Historias del dinero en la Argentina /
Saved in:
| Format: | Book |
|---|---|
| Published: |
Buenos Aires :
American Express,
1999
|
| LEADER | 00334nam a22001097a 4500 | ||
|---|---|---|---|
| 003 | AR-BeUNQ | ||
| 005 | 20240416121945.0 | ||
| 999 | |c 30040 |d 113840 | ||
| 245 | |a Historias del dinero en la Argentina / | ||
| 260 | |a Buenos Aires : |b American Express, |c 1999 | ||
| 929 | |a DONACION |b Rectorado Unq |d 500,00 |e 20180409 |f PAT0069744 |g 3354 |h 1 |o PR |l Estante Z | ||
| 942 | |c LIB |n 0 | ||